Cryptocurrency Market Efficiency: Evidence from Wavelet Analysis

Denné výnosy USD za kryptomeny - bitcoin, litecoin a ethereum - za obdobie október 2013 až september 2019 na šiestich samostatných burzách využívajúce waveletovú metodológiu. Waveletová tranformácia. Príležitosti časovej arbitráže a efektívnosť trhu.

Uložené v:
Podrobná bibliografia
Hlavný autor: Fidrmuc, Jarko
Ďalší autori: Kapounek, Svatopluk, Junge, Frederik
Médium: Kapitola
Jazyk:English
Predmet:
Tagy: Pridať tag
Žiadne tagy, Buďte prvý, kto otaguje tento záznam!

MARC

LEADER 00000naa a2200000 4500
001 0267926
005 20200827112850.8
041 0 |a eng 
044 |a CZ 
245 1 0 |a Cryptocurrency Market Efficiency: Evidence from Wavelet Analysis  |c Jarko Fidrmuc, Svatopluk Kapounek, Frederik Junge 
520 |a Denné výnosy USD za kryptomeny - bitcoin, litecoin a ethereum - za obdobie október 2013 až september 2019 na šiestich samostatných burzách využívajúce waveletovú metodológiu. Waveletová tranformácia. Príležitosti časovej arbitráže a efektívnosť trhu. 
610 2 0 |a arbitráž 
610 2 0 |a mena virtuálna 
610 2 0 |a trh finančný 
610 2 0 |a efektívnosť ekonomická 
100 1 |a Fidrmuc, Jarko 
700 1 |a Kapounek, Svatopluk 
700 1 |a Junge, Frederik